LIBRARY ONLINE CATALOGUE

CGI : (Record no. 11954)

MARC details
000 -LEADER
fixed length control field 00839cam a22002532 4500
001 - CONTROL NUMBER
control field 0000005185
005 - DATE AND TIME OF LATEST TRANSACTION
control field 20151217155211.0
008 - FIXED-LENGTH DATA ELEMENTS--GENERAL INFORMATION
fixed length control field 070608s xx 000 0 eng d
020 ## - INTERNATIONAL STANDARD BOOK NUMBER
International Standard Book Number 812031817X :
Terms of availability KES 2,100
040 ## - CATALOGING SOURCE
Original cataloging agency KABU
Transcribing agency KABU
050 #0 - LIBRARY OF CONGRESS CALL NUMBER
Classification number TK5105.565
Item number .C47
100 1# - MAIN ENTRY--PERSONAL NAME
Personal name Christenberry, Jonnie R.
-- 0000156335
245 10 - TITLE STATEMENT
Title CGI :
Remainder of title fast and easy web development /
Statement of responsibility, etc. Jonnie R. Christenberry, T. C. Bradley, Troy McKenna.
260 ## - PUBLICATION, DISTRIBUTION, ETC. (IMPRINT)
Place of publication, distribution, etc. New Delhi :
Name of publisher, distributor, etc. Prentice Hall of India,
Date of publication, distribution, etc. 2000.
300 ## - PHYSICAL DESCRIPTION
Extent xix, 443 p.
500 ## - GENERAL NOTE
General note With CD-ROM.
650 #0 - SUBJECT ADDED ENTRY--TOPICAL TERM
Topical term or geographic name as entry element Website development.
-- 0000156336
650 #0 - SUBJECT ADDED ENTRY--TOPICAL TERM
Topical term or geographic name as entry element CGI (Computer network protocol)
-- 0000156337
700 1# - ADDED ENTRY--PERSONAL NAME
Personal name Bradley, T. C.
-- 0000156338
700 1# - ADDED ENTRY--PERSONAL NAME
Personal name McKenna, Troy.
-- 0000156339
908 ## - PUT COMMAND PARAMETER (RLIN)
Put command parameter 070608
950 ## - LOCAL HOLDINGS (RLIN)
-- 1
Holdings
Withdrawn status Lost status Source of classification or shelving scheme Not for loan Home library Current library Date acquired Total Checkouts Full call number Barcode Date last seen Price effective from Koha item type
    Library of Congress Classification   Kabarak, Main Campus Kabarak, Main Campus 17/12/2015   TK5105.565 .C47 008182 17/12/2015 17/12/2015 General Collection